Mobile digital publishing development: boom in 2010 and 2011

Salvato in:
Dettagli Bibliografici
Autore principale: Miklošík, Andrej
Altri autori: Hvizdová, Eva, ml
Natura: Capitolo di libro
Lingua:inglese
Soggetti:
Tags: Aggiungi Tag
Nessun Tag, puoi essere il primo ad aggiungerne!!

MARC

LEADER 00000nla a2200000 4500
001 0169799
005 20240502072937.1
041 0 |a eng 
044 |a SK 
245 1 0 |a Mobile digital publishing development: boom in 2010 and 2011  |c Andrej Miklošík, Eva Hvizdová ml. 
610 2 0 |a digitalizácia 
610 2 0 |a vydavateľstvá 
610 2 0 |a knihy elektronické 
610 2 0 |a telefón mobilný 
610 2 0 |a technológie informačné 
610 2 0 |a technológie komunikačné 
100 1 |a Miklošík, Andrej 
700 1 |a Hvizdová, Eva, ml.